000 00481nam a2200145 a 4500
001 000043388
005 20201002040853.0
008 140312s1979 dr a 000 0 spa d
040 _aDO-SdBNP
_bspa
_cBNPHU
100 1 _aVilorio Núñez, Félix Andrés
_971051
245 1 0 _aMatemática básica II /
_cFélix Andrés Vilorio Núñez.
260 _aSanto Domingo :
_bSantuario,
_c1979.
300 _a65 p. :
_bil. ;
_c24 cm.
500 _aIncluye datos biográficos del autor en la solapa
999 _c42877
_d42877